Children on the Brink 2002 (Record no. 4011)

MARC details
000 -LEADER
fixed length control field 00313nam a22001097a 4500
008 - FIXED-LENGTH DATA ELEMENTS--GENERAL INFORMATION
fixed length control field 230731b xxu||||| |||| 00| 0 eng d
082 ## - DEWEY DECIMAL CLASSIFICATION NUMBER
Classification number 362.1
Item number UNI 2002
245 ## - TITLE STATEMENT
Title Children on the Brink 2002
Remainder of title A Joint Report on Orphan Estimates and Program Stra
260 ## - PUBLICATION, DISTRIBUTION, ETC. (IMPRINT)
Place of publication, distribution, etc. USA
Name of publisher, distributor, etc. UNICEF
Date of publication, distribution, etc. 2002
300 ## - PHYSICAL DESCRIPTION
Extent 36p
942 ## - ADDED ENTRY ELEMENTS (KOHA)
Source of classification or shelving scheme Dewey Decimal Classification
Koha item type Books
Holdings
Withdrawn status Lost status Source of classification or shelving scheme Damaged status Not for loan Home library Current library Date acquired Total Checkouts Full call number Barcode Checked out Date last seen Price effective from Koha item type
    Dewey Decimal Classification     County Hall Archives County Hall Archives 07/31/2023   362.1 UNI 2002 10010093 10/26/2018 07/31/2023 07/31/2023 Books
    Dewey Decimal Classification     County Hall Archives County Hall Archives 07/31/2023   362.1 UNI 2002 10010094   07/31/2023 07/31/2023 Books
LIBRARY OPENING HOURS

When the Parliament is sitting: 8.00a.m - 7.00p.m or until the house adjourns
Mondays and Fridays and when the House is on Recess:  8.00a.m - 5.00p.m
Closed on Weekends and Public Holidays

Online Public Access Catalog (OPAC)
Website: http://www.parliament.go.ke
Bunge Library: https://libraryir.parliament.go.ke
Contact: library@parliament.go.ke | Tel no: (254-2)2221291 or 2848000 Ext 5043